00582nam a2200181 a 450000100100000000500170001000800410002702000150006804000250008310000260010824500480013426000400018230000200022249000140024283000210025695201060027799900170038300003814920201002031202.0130319s2004 sp 000 0 spa d a8497333179 aDO-SdBNPbspacBNPHU1 aBiber, Adriana96451110aCómo evitar el estrés /cBiber Adriana. aBarcelona :bFapa Ediciones,c2004. a62 p. ;c23 cm.1 aAutoayuda 0aAutoayuda955295 0010507-18MOaGRbGRcOId2013-03-19iLF1l0o p38149-10r2020-06-25w2020-06-25y1ZNo se presta c37639d37639